000 00373nam a2200145Ia 4500
008 221030s9999 xx 000 0 und d
041 _aEnglish
082 _a105.23
100 _aSubash Metha
245 0 _aWheeler`s Question Bank Series - OOPs & Programming C++
_cby Subash Metha, Rmaesh Bangia
260 _c0
650 _aB
700 _aRmaesh Bangia
942 _cBK
999 _c13137
_d13137